000 00728 a2200229 4500
005 20260406152542.0
008 260406b |||||||| |||| 00| 0 eng d
020 _a978-93-48335-11-1
037 _cTB
040 _aCRL
_cCRL
041 _2eng
_aeng
084 _aY:45(Q2).44Q71 R5
_qCRL
100 _aDutt, Shom
_91114122
245 _aAttacks on Hindus in Bangladesh and increasing strained relation between the two
260 _aDelhi, India:
_bR. Sons Books,
_c2025.
300 _a288p.
365 _b1499
_cINR
650 _aViolence-Bangladesh
_91234154
650 _aHindus
942 _cTB
_2CC
_hY:45(Q2).44Q71 R5
999 _c1678778
_d1678778